[Event "Lienz op 21st"]
[Site "Lienz"]
[Date "2023.02.18"]
[Round "9"]
[White "Heinatz, Gundula"]
[Black "Gorny, Michael"]
[Result "1-0"]
[WhiteElo "2162"]
[BlackElo "1972"]
[PlyCount "185"]
[EventDate "2023.02.11"]
[EventType "swiss"]
[EventRounds "9"]
[EventCountry "AUT"]
[SourceTitle "CBM 212 Extra"]
[Source "ChessBase"]
[SourceDate "2023.03.31"]
[SourceVersion "1"]
[SourceVersionDate "2023.03.31"]
[SourceQuality "1"]

1. Nf3 Nf6 2. g3 b6 3. d4 Bb7 4. Bg2 c5 5. c3 d6 6. 0-0 Nbd7 7. Nbd2 Qc7 8. Qb3 e6 9. Re1 Be7 10. e4 e5 11. Nh4 cxd4 12. Nf5 dxc3 13. bxc3 Nc5 14. Qb5+ Bc6 15. Qe2 0-0 16. g4 Rfd8 17. g5 Ne8 18. Nf1 Bf8 19. N1g3 a6 20. Rb1 Na4 21. Bd2 Bb5 22. Qf3 Bc4 23. Ne3 b5 24. Nd5 Qb7 25. a3 Nb6 26. Nxb6 Qxb6 27. Nf5 Qc7 28. Re3 g6 29. Nh6+ Kh8 30. Qh3 f6 31. Rg3 Qg7 32. Qh4 Be7 33. Bf1 d5 34. Bxc4 dxc4 35. Be3 Nc7 36. gxf6 Bxf6 37. Qh3 Qd7 38. Ng4 Bg7 39. Bg5 Rf8 40. Qh4 Qe6 41. Rd1 Rf7 42. Bh6 Raf8 43. Bxg7+ Kxg7 44. Qh6+ Kh8 45. Qg5 Re7 46. h4 Qf7 47. Rd2 Qg7 48. Rg2 Ne6 49. Qe3 Nf4 50. Rg3 Nd3 51. Nh6 Qf6 52. h5 Rg7 53. Ng4 Qf4 54. h6 Re7 55. Ra2 Qxe3 56. Nxe3 Ref7 57. Rg2 Nc5 58. Ng4 Re8 59. Rg3 Nxe4 60. Re3 Ng5 61. a4 e4 62. axb5 axb5 63. Ra5 Rb8 64. Ra6 Rc7 65. Nf6 b4 66. Nxe4 b3 67. Nd2 b2 68. Rb6 Rcc8 69. Rxb8 Rxb8 70. Nb1 Nf7 71. Kg2 Nxh6 72. Re4 Rc8 73. Re2 Rb8 74. Re4 Kg7 75. Rxc4 Nf5 76. Rc7+ Kg8 77. Rd7 Ng7 78. Re7 h5 79. c4 Kh7 80. c5 Rb5 81. Re2 Nf5 82. c6 Nd6 83. Rc2 Kg7 84. c7 Nc8 85. Rd2 Rb7 86. Rc2 Kf7 87. Re2 Kf6 88. Kg3 g5 89. f3 Kf5 90. Rc2 h4+ 91. Kf2 Rb4 92. Rc5+ Kf4 93. Nc3 1-0

[Event "Vlissingen HZ op 24th"]
[Site "Vlissingen"]
[Date "2022.08.07"]
[Round "2"]
[White "Ollenberger, Roland"]
[Black "Gorny, Michael"]
[Result "1-0"]
[WhiteElo "2256"]
[BlackElo "1962"]
[PlyCount "67"]
[EventDate "2022.08.06"]
[EventType "swiss"]
[EventRounds "9"]
[EventCountry "NED"]
[SourceTitle "CBM 209 Extra"]
[Source "ChessBase"]
[SourceDate "2022.09.30"]
[SourceVersion "1"]
[SourceVersionDate "2022.09.30"]
[SourceQuality "1"]

1. Nf3 c5 2. c4 Nc6 3. Nc3 g6 4. d4 cxd4 5. Nxd4 Bg7 6. Nc2 d6 7. e4 Nf6 8. Be2 0-0 9. h4 Ne5 10. h5 Be6 11. Ne3 Rc8 12. b3 b5 13. f4 Nxc4 14. bxc4 Nxe4 15. Nxe4 Bxa1 16. Ng5 Qa5+ 17. Kf2 Qb6 18. hxg6 hxg6 19. Rh8+ Kg7 20. Rh7+ Kg8 21. Qh1 Qd4 22. Rh4 Rc5 23. f5 Rxf5+ 24. Bf3 Qg7 25. Ng4 Bd4+ 26. Ke1 Bc3+ 27. Kd1 Qd4+ 28. Kc2 Rf4 29. Nh6+ Kg7 30. Rxf4 Qf2+ 31. Kxc3 Bxc4 32. Nf5+ gxf5 33. Qh7+ Kf6 34. Rxf5# 1-0

[Event "Pardubice Czech op-A 32nd"]
[Site "Pardubice"]
[Date "2021.07.31"]
[Round "9"]
[White "Gorny, Michael"]
[Black "Hak, David"]
[Result "0-1"]
[WhiteElo "2008"]
[BlackElo "2187"]
[PlyCount "67"]
[EventDate "2021.07.23"]
[EventType "swiss"]
[EventRounds "9"]
[EventCountry "CZE"]
[SourceTitle "EXT 2022"]
[Source "ChessBase"]
[SourceDate "2021.10.06"]
[SourceVersion "1"]
[SourceVersionDate "2021.10.06"]
[SourceQuality "1"]

1. e4 c5 2. Nf3 e6 3. c3 d5 4. exd5 exd5 5. d4 Nf6 6. Bb5+ Bd7 7. Bxd7+ Nbxd7 8. 0-0 Be7 9. Bg5 0-0 10. Nbd2 c4 11. Ne5 Nxe5 12. dxe5 Nd7 13. Bxe7 Qxe7 14. Nf3 Qc5 15. Qd4 Qxd4 16. cxd4 Rfe8 17. Rac1 b5 18. Rfe1 Nf8 19. Nh4 g6 20. Red1 Ne6 21. g3 b4 22. Ng2 Rab8 23. Ne3 Rb5 24. b3 c3 25. f4 a5 26. Nc2 Ra8 27. Rb1 a4 28. Kf1 axb3 29. axb3 Ra2 30. Rdc1 Rba5 31. Ke1 Rxc2 32. Rxc2 Nxd4 33. Rcc1 Ra2 34. Ra1 0-1

[Event "Wroclaw op"]
[Site "Wroclaw"]
[Date "2019.08.11"]
[Round "9"]
[White "Gorny, Michael"]
[Black "Wang, Ruiming"]
[Result "1/2-1/2"]
[WhiteElo "2067"]
[BlackElo "1853"]
[PlyCount "66"]
[EventDate "2019.08.05"]
[EventType "swiss"]
[EventRounds "9"]
[EventCountry "POL"]
[SourceTitle "CBM 191 Extra"]
[Source "ChessBase"]
[SourceDate "2019.09.30"]
[SourceVersion "1"]
[SourceVersionDate "2019.09.30"]
[SourceQuality "1"]

1. d4 Nf6 2. c4 c5 3. e3 cxd4 4. exd4 g6 5. Nc3 Bg7 6. Nf3 0-0 7. Be2 d5 8. 0-0 dxc4 9. Bxc4 Bg4 10. d5 Nbd7 11. Re1 Rc8 12. Bb3 Nc5 13. h3 Bxf3 14. Qxf3 Nxb3 15. axb3 a6 16. Bg5 h6 17. Be3 Nd7 18. d6 exd6 19. Qxb7 Nc5 20. Qd5 Qb6 21. Ra3 Rfe8 22. Rd1 Qb4 23. Bd4 Rcd8 24. Qc4 Rb8 25. Qxb4 Rxb4 26. Bxg7 Kxg7 27. Rxd6 Nxb3 28. g3 Nc1 29. Rd2 Reb8 30. Rc2 Nd3 31. Nd1 Nxb2 32. Nxb2 Rxb2 33. Rxb2 Rxb2 1/2-1/2

[Event "Wroclaw op"]
[Site "Wroclaw"]
[Date "2019.08.08"]
[Round "6"]
[White "Plichta, Krzysztof"]
[Black "Gorny, Michael"]
[Result "1/2-1/2"]
[WhiteElo "1613"]
[BlackElo "2067"]
[PlyCount "102"]
[EventDate "2019.08.05"]
[EventType "swiss"]
[EventRounds "9"]
[EventCountry "POL"]
[SourceTitle "CBM 191 Extra"]
[Source "ChessBase"]
[SourceDate "2019.09.30"]
[SourceVersion "1"]
[SourceVersionDate "2019.09.30"]
[SourceQuality "1"]

1. e4 c5 2. Nc3 d6 3. f4 g6 4. Nf3 Bg7 5. Bb5+ Bd7 6. Bxd7+ Qxd7 7. d3 Nc6 8. 0-0 e6 9. Qe1 Nd4 10. Nxd4 cxd4 11. Ne2 Ne7 12. Qf2 Nc6 13. b3 f6 14. Nxd4 Nxd4 15. Qxd4 f5 16. e5 dxe5 17. Qxd7+ Kxd7 18. Bb2 Rhg8 19. Bxe5 Bxe5 20. fxe5 Rac8 21. c4 Rgd8 22. Rad1 Ke7 23. Kf2 Rd4 24. Ke3 Rcd8 25. Rf4 R4d7 26. d4 b5 27. cxb5 Rd5 28. a4 Rxe5+ 29. dxe5 Rxd1 30. Rc4 g5 31. Rc7+ Rd7 32. Rxd7+ Kxd7 33. a5 Kc7 34. h3 Kb7 35. Kd4 a6 36. bxa6+ Kxa6 37. Kc5 h5 38. Kd6 f4 39. Kxe6 g4 40. hxg4 hxg4 41. Kd6 f3 42. gxf3 gxf3 43. e6 f2 44. e7 f1Q 45. e8Q Qd3+ 46. Kc7 Qg3+ 47. Kd7 Qd3+ 48. Kc7 Qg3+ 49. Kc8 Qc3+ 50. Kd7 Qd3+ 51. Kc7 Qg3+ 1/2-1/2

[Event "Vlissingen HZ op 22nd"]
[Site "Vlissingen"]
[Date "2018.08.09"]
[Round "7"]
[White "Gorny, Michael"]
[Black "Ree, Hans"]
[Result "0-1"]
[WhiteElo "2062"]
[BlackElo "2303"]
[PlyCount "84"]
[EventDate "2018.08.04"]
[EventType "swiss"]
[EventRounds "9"]
[EventCountry "NED"]
[SourceTitle "CBM 185 Extra"]
[Source "ChessBase"]
[SourceDate "2018.07.29"]
[SourceVersion "1"]
[SourceVersionDate "2018.07.29"]
[SourceQuality "1"]

1. d4 d6 2. Nf3 Nf6 3. c4 Nbd7 4. Nc3 e5 5. e4 Be7 6. Be2 0-0 7. 0-0 c6 8. Qc2 a6 9. Rd1 Qc7 10. h3 b5 11. b3 b4 12. Na4 c5 13. dxc5 dxc5 14. Be3 Re8 15. Nd2 Nf8 16. Qb2 Bd6 17. Bf3 Ne6 18. Bg4 Nxg4 19. hxg4 Nd4 20. f3 Bd7 21. Kf2 Bxa4 22. bxa4 Qa5 23. Rh1 f6 24. g5 fxg5 25. Bxg5 Qxa4 26. Rac1 Qd7 27. Nf1 Be7 28. Be3 Qd8 29. Qd2 Bh4+ 30. g3 Be7 31. Kg2 Ra7 32. Rh5 Rd7 33. Qf2 Bf6 34. Nd2 g6 35. Rh3 Rf8 36. Bh6 Rff7 37. Rf1 Bg5 38. f4 Bxh6 39. Rxh6 exf4 40. gxf4 Ne6 41. Nf3 Rxf4 42. Qg3 Rdf7 0-1

[Event "Llucmajor op 7th"]
[Site "Llucmajor"]
[Date "2018.05.13"]
[Round "1"]
[White "Postny, Evgeny"]
[Black "Gorny, Michael"]
[Result "1-0"]
[WhiteElo "2576"]
[BlackElo "2080"]
[PlyCount "63"]
[EventDate "2018.05.13"]
[EventType "swiss"]
[EventRounds "9"]
[EventCountry "ESP"]
[SourceTitle "CBM 184 Extra"]
[Source "ChessBase"]
[SourceDate "2018.06.28"]
[SourceVersion "1"]
[SourceVersionDate "2018.06.28"]
[SourceQuality "1"]

1. d4 Nf6 2. c4 g6 3. Nc3 d5 4. e3 Bg7 5. Qb3 e6 6. Qa3 c6 7. Nf3 Bf8 8. Qb3 Bg7 9. Be2 0-0 10. 0-0 Nbd7 11. Qc2 Qe7 12. b3 b6 13. a4 Bb7 14. cxd5 exd5 15. a5 Rab8 16. a6 Bc8 17. Ba3 c5 18. Rac1 Rd8 19. Rfd1 Qe6 20. Nb5 Ne8 21. dxc5 bxc5 22. Bxc5 Nxc5 23. Qxc5 Bxa6 24. Nbd4 Qf6 25. Bxa6 Qxa6 26. Nc6 Nf6 27. Nxd8 Rxd8 28. Qc6 Qa2 29. Qa4 Qxa4 30. bxa4 Bf8 31. Rc6 Be7 32. Rc7 1-0

[Event "Lisbon Portugal rapid op"]
[Site "Lisbon"]
[Date "2018.02.10"]
[Round "2"]
[White "Gorny, Michael"]
[Black "Ermeni, Avni"]
[Result "0-1"]
[WhiteElo "1836"]
[BlackElo "2214"]
[PlyCount "108"]
[EventDate "2018.02.10"]
[EventType "swiss (rapid)"]
[EventRounds "8"]
[EventCountry "POR"]
[SourceTitle "CBM 182 Extra"]
[Source "ChessBase"]
[SourceDate "2018.02.23"]
[SourceVersion "1"]
[SourceVersionDate "2018.02.23"]
[SourceQuality "1"]

1. d4 Nf6 2. c4 c5 3. d5 b5 4. cxb5 a6 5. f3 g6 6. e4 d6 7. Na3 axb5 8. Bxb5+ Nfd7 9. Ne2 Bg7 10. Nc4 0-0 11. 0-0 Ba6 12. Bxa6 Nxa6 13. Nc3 Nb6 14. Na3 Qd7 15. Rb1 Rfb8 16. Qe2 Nb4 17. Bd2 Na4 18. Qc4 Nxb2 19. Rxb2 Rxa3 20. Rfb1 Rba8 21. h3 h5 22. Kh2 Qc8 23. Rb3 Qa6 24. Qxa6 R3xa6 25. a4 Bf6 26. Nb5 Rxa4 27. Bxb4 cxb4 28. Rxb4 Be5+ 29. Kg1 Rxb4 30. Rxb4 Ra1+ 31. Kf2 h4 32. Ke3 Re1+ 33. Kd3 Rg1 34. Ke3 Rxg2 35. Na3 g5 36. Nc4 Bf4+ 37. Kd4 Rg3 38. Rb8+ Kg7 39. Re8 Rxh3 40. Rxe7 Rxf3 41. e5 dxe5+ 42. Nxe5 Bxe5+ 43. Rxe5 Kf6 44. Re1 Ra3 45. d6 Ra8 46. Rf1+ Kg6 47. Ke5 Re8+ 48. Kd5 h3 49. Kc6 g4 50. Kd7 Ra8 51. Ke7 Ra7+ 52. d7 h2 53. Rf4 Rxd7+ 54. Kxd7 f5 0-1

[Event "Lisbon Portugal op"]
[Site "Lisbon"]
[Date "2018.02.05"]
[Round "5"]
[White "Martin Duque, Jesus"]
[Black "Gorny, Michael"]
[Result "1-0"]
[WhiteElo "2346"]
[BlackElo "1836"]
[PlyCount "165"]
[EventDate "2018.02.03"]
[EventType "swiss"]
[EventRounds "9"]
[EventCountry "POR"]
[SourceTitle "CBM 182 Extra"]
[Source "ChessBase"]
[SourceDate "2018.02.23"]
[SourceVersion "1"]
[SourceVersionDate "2018.02.23"]
[SourceQuality "1"]

1. e4 c5 2. Nf3 d6 3. Bb5+ Bd7 4. Bxd7+ Qxd7 5. c4 Nf6 6. Nc3 g6 7. d4 cxd4 8. Nxd4 Bg7 9. f3 0-0 10. Be3 Nc6 11. 0-0 e6 12. Nde2 Rfd8 13. Bg5 Ne7 14. Qd2 Rac8 15. b3 a6 16. a4 Qc7 17. Qf4 Ne8 18. Qe3 Rd7 19. Rad1 Nc6 20. Kh1 Na5 21. Rb1 Nc6 22. Rfd1 Ne5 23. Rbc1 Nf6 24. h3 Ne8 25. Rd2 Nc6 26. Rcd1 Na5 27. Na2 b6 28. Rd3 Nb7 29. R3d2 Nc5 30. Nac1 Qc6 31. Nd4 Qc7 32. Nc2 Qc6 33. Ne2 Qc7 34. Bh4 Qc6 35. Bg3 Rcd8 36. Ned4 Qa8 37. Bh2 Qb7 38. Re2 Nf6 39. Ree1 Qa8 40. Qc3 Qc8 41. Qb4 Rb7 42. Qa3 Bf8 43. Qa1 Ncd7 44. Ne3 Ne8 45. Qb1 Nc5 46. Qc2 Nd7 47. h4 Bg7 48. Ne2 Nf8 49. Qd3 Rbd7 50. Bf4 Qc5 51. Bg3 Bh6 52. Ng4 Bg7 53. Bf2 Qc6 54. Bd4 f6 55. Ne3 Rc8 56. Ba1 Qc5 57. Ng3 Qc7 58. Kh2 Rf7 59. Rf1 Bh6 60. f4 Re7 61. Ng4 Bg7 62. f5 e5 63. Ne3 Rf7 64. Nd5 Qc6 65. fxg6 hxg6 66. Rf3 b5 67. axb5 axb5 68. cxb5 Qc2 69. Qf1 Ne6 70. b6 Ra8 71. Rc3 Qa2 72. Rdc1 Bh6 73. R3c2 Qa3 74. Bb2 Qxb3 75. Rc8 Rxc8 76. Rxc8 Rf8 77. Bc1 Bxc1 78. Qxc1 Kg7 79. Qc6 Nc5 80. Rxe8 Rxe8 81. Qxe8 Nxe4 82. Nxe4 Qxd5 83. Qe7+ 1-0

[Event "NRW Class1 1112"]
[Site "Germany"]
[Date "2012.03.25"]
[Round "8.7"]
[White "Gorny, Michael"]
[Black "Te Bokkel, Gerrit Jan"]
[Result "1-0"]
[WhiteElo "2059"]
[BlackElo "1884"]
[PlyCount "91"]
[EventDate "2011.09.18"]
[EventType "team-tourn"]
[EventRounds "9"]
[EventCountry "GER"]
[SourceTitle "EXT 2015"]
[Source "ChessBase"]
[SourceDate "2014.11.20"]
[SourceVersion "1"]
[SourceVersionDate "2014.11.20"]
[SourceQuality "1"]
[WhiteTeam "Duesseldorf"]
[BlackTeam "Rheine Klein Berlin"]
[WhiteTeamCountry "GER"]
[BlackTeamCountry "GER"]

1. d4 Nf6 2. Nf3 d5 3. c4 c6 4. Nc3 Bf5 5. cxd5 cxd5 6. Qb3 b6 7. Bg5 e6 8. e4 dxe4 9. Bb5+ Nbd7 10. Ne5 Be7 11. Bxd7+ Nxd7 12. Nc6 Bxg5 13. Nxd8 Rxd8 14. 0-0 0-0 15. Rfe1 Nf6 16. Qa4 a5 17. h3 Rd6 18. Rad1 Rfd8 19. Qb5 h5 20. Qc4 h4 21. a3 Bg6 22. b4 axb4 23. axb4 Bh5 24. Nb5 R6d7 25. Ra1 Bd2 26. Reb1 e3 27. f3 Bg6 28. Rb2 Nd5 29. Rd1 Nf4 30. Rbxd2 exd2 31. Rxd2 e5 32. Kf2 e4 33. fxe4 Bxe4 34. d5 f5 35. d6+ Kh7 36. Rd4 Re8 37. Nc3 Nh5 38. Nxe4 fxe4 39. Rxe4 Rf8+ 40. Ke3 Rxd6 41. Rxh4 Re8+ 42. Kf2 Rf6+ 43. Kg1 Re1+ 44. Kh2 g6 45. Qd3 Kg7 46. Rxh5 1-0

[Event "NRW Class1 1112"]
[Site "Germany"]
[Date "2011.10.09"]
[Round "2.7"]
[White "Gorny, Michael"]
[Black "Reinemer, Frank"]
[Result "0-1"]
[WhiteElo "2059"]
[BlackElo "2121"]
[PlyCount "62"]
[EventDate "2011.09.18"]
[EventType "team-tourn"]
[EventRounds "9"]
[EventCountry "GER"]
[SourceTitle "EXT 2015"]
[Source "ChessBase"]
[SourceDate "2014.11.20"]
[SourceVersion "1"]
[SourceVersionDate "2014.11.20"]
[SourceQuality "1"]
[WhiteTeam "Duesseldorf"]
[BlackTeam "Langenfeld"]
[WhiteTeamCountry "GER"]
[BlackTeamCountry "GER"]

1. Nf3 f5 2. g3 Nf6 3. Bg2 g6 4. 0-0 Bg7 5. d4 d6 6. b3 0-0 7. Bb2 Na6 8. c4 h6 9. Nbd2 c6 10. Bc3 Qe8 11. Qc2 g5 12. e3 Nc7 13. b4 Bd7 14. a4 a6 15. Ne1 f4 16. exf4 gxf4 17. Nef3 fxg3 18. hxg3 Ng4 19. Nh4 Ne6 20. Qd3 Qh5 21. Ndf3 Rf7 22. Qg6 Qxg6 23. Nxg6 Ng5 24. Ngh4 Raf8 25. Nxg5 hxg5 26. Ng6 Re8 27. Be4 Bf5 28. Bxf5 Rxf5 29. f3 Ne3 30. g4 Rf6 31. Rfe1 Rxf3 0-1

[Event "Regionalliga Mittelrhein 1011"]
[Site "Germany"]
[Date "2011.05.01"]
[Round "9.1"]
[White "Gorny, Michael"]
[Black "Riedel, Holger"]
[Result "1/2-1/2"]
[WhiteElo "2085"]
[BlackElo "2149"]
[PlyCount "46"]
[EventDate "2010.10.24"]
[EventType "team"]
[EventRounds "9"]
[EventCountry "GER"]
[SourceTitle "EXT 2015"]
[Source "ChessBase"]
[SourceDate "2014.11.20"]
[SourceVersion "1"]
[SourceVersionDate "2014.11.20"]
[SourceQuality "1"]
[WhiteTeam "Euskirchen Turm"]
[BlackTeam "Niederkassel"]
[WhiteTeamCountry "GER"]
[BlackTeamCountry "GER"]

1. Nf3 c5 2. g3 d5 3. Bg2 Nf6 4. 0-0 g6 5. d4 cxd4 6. Nxd4 Bg7 7. Nb3 0-0 8. Nc3 e6 9. e4 dxe4 10. Nxe4 Nxe4 11. Bxe4 Qb6 12. c3 Rd8 13. Qc2 Nc6 14. Bg5 f6 15. Be3 Qc7 16. Rad1 Rf8 17. Bc5 f5 18. Bd6 Qb6 19. Bg2 e5 20. Bc5 Qc7 21. Bd6 Qb6 22. Bc5 Qc7 23. Bd6 Qb6 1/2-1/2

[Event "Regionalliga Mittelrhein 1011"]
[Site "Germany"]
[Date "2010.12.12"]
[Round "3.1"]
[White "Haag, Martin"]
[Black "Gorny, Michael"]
[Result "1-0"]
[WhiteElo "2242"]
[BlackElo "2085"]
[PlyCount "110"]
[EventDate "2010.10.24"]
[EventType "team"]
[EventRounds "9"]
[EventCountry "GER"]
[SourceTitle "EXT 2015"]
[Source "ChessBase"]
[SourceDate "2014.11.20"]
[SourceVersion "1"]
[SourceVersionDate "2014.11.20"]
[SourceQuality "1"]
[WhiteTeam "Bonn Beuel"]
[BlackTeam "Euskirchen Turm"]
[WhiteTeamCountry "GER"]
[BlackTeamCountry "GER"]

1. c4 Nf6 2. Nc3 g6 3. e4 e5 4. Nf3 d6 5. d4 exd4 6. Nxd4 Bg7 7. Be2 0-0 8. 0-0 Re8 9. f3 c6 10. Kh1 Nbd7 11. Be3 a5 12. Qd2 a4 13. Rfd1 Qa5 14. Nc2 Re6 15. b4 Qd8 16. Rab1 Nh5 17. Bd4 Bf8 18. Bf1 Qh4 19. Bf2 Qf6 20. Nd4 Re8 21. Be3 Ne5 22. Bg5 Qg7 23. b5 c5 24. Nc2 Be6 25. Ne3 f5 26. exf5 gxf5 27. Ned5 f4 28. Bxf4 Nxf4 29. Qxf4 Ng6 30. Qg3 Kh8 31. f4 Qf7 32. Bd3 Ne7 33. Nc7 Nf5 34. Bxf5 Bxf5 35. Nxa8 Rxa8 36. Nd5 Bg7 37. Re1 Bd4 38. Rbd1 Rg8 39. Re7 Qh5 40. Qe1 Qg6 41. Qf1 Be4 42. Rxe4 Qxe4 43. Re1 Qc2 44. Qe2 Qf5 45. Ne7 Qxf4 46. Nxg8 Be5 47. g3 Qg5 48. Qe4 Qxg8 49. Rf1 h6 50. Qxb7 Bg7 51. Qd5 Qd8 52. Rb1 a3 53. b6 Bb2 54. b7 Qc7 55. Rf1 Kg7 1-0